<?xml version="1.0" encoding="UTF-8"?><?xml-stylesheet type="text/xsl" href="static/style.xsl"?><OAI-PMH xmlns="http://www.openarchives.org/OAI/2.0/" xmlns:xsi="http://www.w3.org/2001/XMLSchema-instance" xsi:schemaLocation="http://www.openarchives.org/OAI/2.0/ http://www.openarchives.org/OAI/2.0/OAI-PMH.xsd"><responseDate>2026-04-27T12:32:14Z</responseDate><request verb="GetRecord" identifier="oai:uvadoc.uva.es:10324/45946" metadataPrefix="marc">https://uvadoc.uva.es/oai/request</request><GetRecord><record><header><identifier>oai:uvadoc.uva.es:10324/45946</identifier><datestamp>2021-10-13T20:49:03Z</datestamp><setSpec>com_10324_68945</setSpec><setSpec>com_10324_954</setSpec><setSpec>com_10324_894</setSpec><setSpec>com_10324_1163</setSpec><setSpec>com_10324_931</setSpec><setSpec>col_10324_68964</setSpec><setSpec>col_10324_1946</setSpec></header><metadata><record xmlns="http://www.loc.gov/MARC21/slim" xmlns:doc="http://www.lyncode.com/xoai" xmlns:xsi="http://www.w3.org/2001/XMLSchema-instance" xmlns:dcterms="http://purl.org/dc/terms/" xsi:schemaLocation="http://www.loc.gov/MARC21/slim http://www.loc.gov/standards/marcxml/schema/MARC21slim.xsd">
<leader>00925njm 22002777a 4500</leader>
<datafield tag="042" ind1=" " ind2=" ">
<subfield code="a">dc</subfield>
</datafield>
<datafield tag="720" ind1=" " ind2=" ">
<subfield code="a">Morillo Rodríguez, Francisco M.</subfield>
<subfield code="e">author</subfield>
</datafield>
<datafield tag="720" ind1=" " ind2=" ">
<subfield code="a">Gutiérrez Baños, Fernando</subfield>
<subfield code="e">author</subfield>
</datafield>
<datafield tag="260" ind1=" " ind2=" ">
<subfield code="c">2021</subfield>
</datafield>
<datafield tag="520" ind1=" " ind2=" ">
<subfield code="a">Almazán (Soria), church of San Vicente (Almazán [Soria], Ayuntamiento): one panel. DEDICATEE: St Vincent. OBVERSE: scenes of the life of St Vincent (painting). REVERSE: without decoration. DATE: fifteenth century.&#xd;
&#xd;
&#xd;
- Ficha incluida en el anexo "Updated list of Castilian tabernacle-altarpieces" publicado en:&#xd;
Fernando Gutiérrez Baños, Justin Kroesen, Elisabeth Andersen (eds.). The Saint enshrined: European tabernacle - altarpieces, c. 1150–1400. Barcelona: Instituto de Estudios Medievales, 2020</subfield>
</datafield>
<datafield tag="024" ind2=" " ind1="8">
<subfield code="a">http://uvadoc.uva.es/handle/10324/45946</subfield>
</datafield>
<datafield ind1=" " ind2=" " tag="653">
<subfield code="a">Retablos - España - Almazán (Soria) - Siglo XV</subfield>
</datafield>
<datafield ind1=" " ind2=" " tag="653">
<subfield code="a">Iglesia de San Vicente de Almazán (Soria, España)</subfield>
</datafield>
<datafield ind1=" " ind2=" " tag="653">
<subfield code="a">Arte gótico - España</subfield>
</datafield>
<datafield tag="245" ind1="0" ind2="0">
<subfield code="a">Retablo de Almazán</subfield>
</datafield>
</record></metadata></record></GetRecord></OAI-PMH>